header

Problem-based learning in nursing (Record no. 123020)

MARC details
000 -LEADER
fixed length control field 01238nam a2200325 a 4500
082 04 - DEWEY DECIMAL CLASSIFICATION NUMBER
Classification number 610.730711
245 00 - TITLE STATEMENT
Title Problem-based learning in nursing
260 ## - PUBLICATION, DISTRIBUTION, ETC. (IMPRINT)
Place of publication Basingstoke :
Name of publisher Macmillan,
Year of publication 2000.
300 ## - PHYSICAL DESCRIPTION
Number of Pages 192 p. :
Other physical details ill.
650 #0 - SUBJECT ADDED ENTRY--TOPICAL TERM
Topical Term Nursing
Topical Term Problem-based learning.
700 1# - ADDED ENTRY--PERSONAL NAME
Personal name Glen, Sally.
Personal name Wilkie, Kay.
856 40 - ELECTRONIC LOCATION AND ACCESS
Uniform Resource Identifier http://site.ebrary.com/lib/rucke/Doc?id=2004492

No items available.

© 2026 Rongo University
Contact us: librarian | system librarian | Rongo university